000 00288nam a22001337a 4500
008 190305b xxu||||| |||| 00| 0 eng d
020 _a9780812216561
041 _aeng
080 _a610.73
100 _a1
101 _aINF
245 _aThe First Crusade
_cPeters, E
942 _2udc
_cBK
999 _c54512
_d54512